000 01056nam a2200277 i 4500
003 CO-ViMGA
005 20230915224424.0
008 201203s2020 sp a|||cr|||| 00| 1dspa d
020 _a9789588962764
040 _aCO-ViMGA
_bspa
_cCO-ViMGA
084 _aLM IRI6
100 1 _aIriarte Marti­nez, Fernando
_d1951-
_eautor
_9162714
245 1 3 _aEl tesoro de Tisquesusa
_bFernando Iriarte Marti­nez ; ilustraciones Mari­a Soli­as
250 _aEdicion especial
260 _aBogota :
_bTiempo de Leer Editorial,
_c2020
300 _a80 paginas
_bilustraciones
_c21 cm
490 0 _aPlan Nacional de Lectura y Escritura Leer es mi Cuento / Ministerio de Cultura
650 1 7 _2LEMB
_aAutores colombianos
_9162715
650 1 7 _2LEMB
_aLeyendas indi­genas colombianas
_921961
650 1 7 _2LEMB
_aLiteratura indi­gena colombiana
_92248
650 1 7 _2LEMB
_aMitologi­a indi­gena
_99112
650 1 7 _2LEMB
_aMuiscas
_vLeyendas
_9162716
650 1 7 _2LEMB
_aOro
_vLeyendas
_9162717
700 1 _aSoli­as, Mari­a
_eilustradora
_9162718
942 _2ddc
_cBK
999 _c9074
_d9074